00258nam a2200121Ia 4500003000400000005001700004008004100021020001900062040000900081100001600090245001500106260001500121OSt20240229122624.0170524s9999 xx 000 0 und d a978-0643108233 cIIMT aHill- diana 0aSmall Food bMurdoch B.